000 00666nam a2200253Ia 4500
003 OSt
005 20221007100254.0
006 a|||||r|||| 00| 0
007 ta
008 221006b |||||||| |||| 00| 0 eng d
024 _a4,126
037 _cTextual
040 _aLCO
_cLCO
_beng
041 _2eng
_aeng
082 _aX5:55, L9
100 _aJai Prakash
_9393559
245 0 _aEssential Commodities Act with Central Control Orders
250 _a4th
260 _aAllahabad
_bLaw Book Company India
_c1979
300 _a910
650 _aESSENTIAL COMMODITIES
942 _hX5:55, L9
_cTEXL
999 _c1173689
_d1173689